Victoria 3 Releasable Nations - Statistics

General Stats
  • This quiz has been taken 8 times
    2 since last reset
  • The average score is 65 of 169
Answer Stats
Hint Answer % Correct
Europe Albania
100%
Europe Armenia
100%
Europe Azerbaijan
100%
Europe Belarus
100%
Europe Bohemia
100%
Europe Bosnia-Herzegovina
100%
Europe Brittany
100%
Europe Bulgaria
100%
North America California
100%
Europe Estonia
100%
Asia Formosa
100%
Europe Galicia
100%
Europe | North America Georgia
100%
Europe Idel-Ural
100%
Asia Iraq
100%
Asia Israel
100%
Asia Kurdistan
100%
Europe Latvia
100%
Europe Lithuania
100%
Asia Manchuria
100%
Asia Mongolia
100%
Europe Occitania
100%
Asia Palestine
100%
North America Rio Grande
100%
Europe Scotland
100%
Asia Siberia
100%
Europe Slovakia
100%
Asia Syria
100%
Europe Tatarstan
100%
Europe Ukraine
100%
Europe Wales
100%
Event Country Abkhazia
50%
Europe Andalusia
50%
Europe Aragon
50%
Asia Arakan
50%
Asia Assam
50%
Asia Assyria
50%
Asia Buryatia
50%
Europe Catalonia
50%
North America Cherokee
50%
Europe Chuvashia
50%
North America Confederate States of America
50%
South America Confederation of the Equator
50%
Europe Corsica
50%
North America Costa Rica
50%
Europe Crete
50%
Europe Dagestan
50%
Europe Danzig
50%
North America El Salvador
50%
Asia Ezo
50%
Asia Far East
50%
North America Florida
50%
Event Country Free State
50%
North America Greenland
50%
North America Guatemala
50%
Asia Hanthawaddy
50%
Event Country Heavenly Kingdom
50%
North America Honduras
50%
Asia Hunan
50%
Europe Iceland
50%
Europe Jan Mayen
50%
Asia Kamchatka
50%
Asia Khmu
50%
Event Country Las Bela
50%
Asia Lebanon
50%
Europe Leon
50%
Europe Lombardia
50%
North America Louisiana
50%
Asia Luristan
50%
North America Metis
50%
North America Michigan
50%
North America New England
50%
North America Newfoundland
50%
Oceania New Zealand
50%
North America Nicaragua
50%
North America North Carolina
50%
North America Nunavut
50%
North America Panama
50%
Europe Pomerania
50%
Europe Savoy
50%
Asia Shandong
50%
Asia Shanxi
50%
Asia Sichuan
50%
Europe Slovenia
50%
North America South Carolina
50%
Asia Sri Lanka
50%
Africa Sudan
50%
Europe Trieste
50%
Asia Turkmenistan
50%
Asia Tuva
50%
Europe Ulster
50%
Europe Ural
50%
Europe Venice
50%
Europe Westphalia
50%
North America Yucatan
50%
Asia Yunnan
50%
Event Country Zanzibar
50%
Asia Altai
0%
South America Amazonia
0%
South America Anahuac
0%
South America Angola Janga
0%
Asia Anhui
0%
Europe Asturias
0%
South America Aymara
0%
North America Bahamas
0%
South America Bahia
0%
Europe Banat
0%
Europe Bashkiria
0%
Asia Bihar
0%
Europe Castile
0%
Asia Chukotka
0%
Europe Cornwall
0%
Asia Da Cheng
0%
North America Deseret
0%
Event Country Dir
0%
Europe Don Cossack Host
0%
Asia Emirate of Transjordan
0%
Europe Erzya-Moksha
0%
Europe Flanders
0%
Asia Guizhou
0%
North America Haudenosaunee
0%
Asia Hazarajat
0%
Africa Hobyo
0%
Event Country Indusstan
0%
North America Jamaica
0%
Asia Java
0%
Asia Kachin
0%
Asia Kalimantan
0%
Europe Kalmykia
0%
Asia Kanty-Mansi
0%
Europe Karelia
0%
Asia Karen
0%
Asia Kashmir
0%
Event Country Khairpur
0%
Event Country Kharan
0%
Event Country Limburg
0%
North America Los Altos
0%
Europe Malta
0%
Europe Mari El
0%
North America Maya
0%
Asia Mazandaran
0%
South America Minas Gerais
0%
Europe Mountain Republic
0%
Europe Navarra
0%
North America New Africa
0%
Event Country Paris Commune
0%
South America Paulistania
0%
North America Pueblo
0%
Asia Qian
0%
Europe Rhineland
0%
South America Santa Catarina
0%
North America Santo Domingo
0%
Europe Sapmi
0%
Europe Scania
0%
Europe Sorbia
0%
Event Country Swat
0%
Asia Toba
0%
Asia Tungus
0%
Europe Udmurtia
0%
Asia Uyghuristan
0%
Europe Vientiane
0%
Europe Wallonia
0%
Africa Wello
0%
Asia Xibei
0%
Asia Yakutia
0%
Asia Yuanzhumin
0%
Asia Yue
0%
Asia Zhili
0%
No matching quizzes found
Score Distribution
Percent of People with Each Score
Percentile by Number Answered
Your Score History
You have not taken this quiz since the last reset